Star Trek: TNG Episodes Quiz Stats

 Plays Quiz Updated Jan 28, 2020

     
Support Sporcle.
Go Orange.
Score 0/178 Timer 20:00
5 Plays Today
Episode Number Episode Title % Correct
Season 1Encounter at Farpoint (Part 1)
93.1%
Season 1Encounter at Farpoint (Part 2)
93.1%
Season 1The Naked Now
85.8%
Season 3The Best of Both Worlds (Part 1)
85.6%
Season 4The Best of Both Worlds (Part 2)
85.6%
Season 7All Good Things... (Part 1)
84.3%
Season 7All Good Things... (Part 2)
84.3%
Season 2Q Who?
83.2%
Season 1Datalore
82.2%
Season 5Time's Arrow (Part 1)
81.3%
Season 6Time's Arrow (Part 2)
81.3%
Season 2The Child
81%
Season 4Family
79.7%
Season 1Skin of Evil
79.3%
Season 1Where No One Has Gone Before
79.2%
Season 4Qpid
78.8%
Season 4Data's Day
78.8%
Season 4Brothers
78.3%
Season 1Hide and Q
78.3%
Season 1The Neutral Zone
78.3%
Season 1Code of Honor
77.8%
Season 5Unification (Part 1)
77.6%
Season 5Unification (Part 2)
77.6%
Season 1Conspiracy
77.5%
Season 4Redemption (Part 1)
77.1%
Season 5Redemption (Part 2)
77.1%
Season 5Ensign Ro
76.9%
Season 3Yesterday's Enterprise
76.6%
Season 6Descent (Part 1)
76.3%
Season 7Descent (Part 2)
76.3%
Season 5I, Borg
76%
Season 2Elementary, Dear Data
75.9%
Season 5The Inner Light
75.7%
Season 6Chain of Command (Part 2)
75.7%
Season 6Chain of Command (Part 1)
75.7%
Season 2The Measure of a Man
75.6%
Season 5Darmok
75%
Season 2Shades of Gray
74.7%
Season 1We'll Always Have Paris
74.2%
Season 1The Last Outpost
73.9%
Season 3Captain's Holiday
73.7%
Season 1Angel One
73.3%
Season 3Evolution
73.2%
Season 3Ménage à Troi
73.1%
Season 111001001
73.1%
Season 7Gambit (Part 1)
73%
Season 7Gambit (Part 2)
73%
Season 3The Ensigns of Command
72.8%
Season 1Justice
72.7%
Season 5The Game
72.5%
Season 1The Battle
72.2%
Season 3Who Watches the Watchers
71.8%
Season 3Déjà Q
71.6%
Season 2Where Silence Has Lease
71.5%
Season 1The Big Goodbye
71.5%
Season 3Sarek
71.3%
Season 1Haven
71.3%
Season 6Relics
71.1%
Season 6Tapestry
70.8%
Season 1The Arsenal of Freedom
70.7%
Episode Number Episode Title % Correct
Season 6A Fistful of Datas
70.5%
Season 5Disaster
70.4%
Season 6True Q
70.2%
Season 3Sins of the Father
70.2%
Season 4Remember Me
69.8%
Season 2The Outrageous Okona
69.6%
Season 2A Matter of Honor
69.2%
Season 1When the Bough Breaks
68.8%
Season 6Birthright (Part 1)
68.6%
Season 6Birthright (Part 2)
68.6%
Season 7Sub Rosa
68.6%
Season 5The First Duty
68.5%
Season 6Rascals
68.3%
Season 3The Enemy
68.2%
Season 3Tin Man
68.2%
Season 2Pen Pals
68.1%
Season 3The Most Toys
68%
Season 2The Royale
67.9%
Season 2The Emissary
67.8%
Season 4The Drumhead
67.5%
Season 3Hollow Pursuits
67.5%
Season 1Symbiosis
67.3%
Season 4Final Mission
67.3%
Season 2Up the Long Ladder
67.2%
Season 2Time Squared
67%
Season 2The Dauphin
67%
Season 4Galaxy's Child
67%
Season 7The Pegasus
66.9%
Season 3Booby Trap
66.8%
Season 7Lower Decks
66.8%
Season 7Masks
66.7%
Season 6Ship in a Bottle
66.5%
Season 4The Nth Degree
66.5%
Season 4First Contact
66.3%
Season 1Heart of Glory
65.9%
Season 3The Survivors
65.9%
Season 4Night Terrors
65.8%
Season 1Lonely Among Us
65.8%
Season 3The Offspring
65.7%
Season 5Cause and Effect
65.6%
Season 2The Schizoid Man
65.6%
Season 4The Loss
65.6%
Season 3The Defector
65.4%
Season 4Clues
65.4%
Season 2Samaritan Snare
65.4%
Season 5Silicon Avatar
65.2%
Season 3A Matter of Perspective
65.2%
Season 2Contagion
65.1%
Season 2Peak Performance
64.9%
Season 1Too Short a Season
64.8%
Season 2The Icarus Factor
64.8%
Season 6Timescape
64.7%
Season 7Preemptive Strike
64.7%
Season 7Genesis
64.6%
Season 7Parallels
64.5%
Season 5Conundrum
64.2%
Season 4Devil's Due
64.2%
Season 6Schisms
64.1%
Season 1Home Soil
64.1%
Season 6Starship Mine
64%
Episode Number Episode Title % Correct
Season 4The Wounded
64%
Season 5A Matter of Time
63.7%
Season 4Reunion
63.7%
Season 3The Price
63.7%
Season 3The Hunted
63.5%
Season 2Manhunt
63.3%
Season 6Aquiel
63.3%
Season 7Journey's End
63.3%
Season 5The Masterpiece Society
63.2%
Season 6Face of the Enemy
63.1%
Season 4Future Imperfect
63.1%
Season 4Suddenly Human
62.9%
Season 5The Next Phase
62.9%
Season 1Coming of Age
62.5%
Season 4Half a Life
62.2%
Season 3Transfigurations
62.2%
Season 2Loud as a Whisper
62.2%
Season 7Dark Page
62%
Season 4The Mind's Eye
61.8%
Season 5Ethics
61.8%
Season 3The High Ground
61.6%
Season 4The Host
61%
Season 7Bloodlines
61%
Season 4In Theory
61%
Season 5Imaginary Friend
61%
Season 6Man of the People
61%
Season 6The Chase
60.9%
Season 4Legacy
60.8%
Season 7Emergence
60.7%
Season 5Power Play
60.6%
Season 6Lessons
60.5%
Season 3The Vengeance Factor
60.5%
Season 3The Bonding
60.5%
Season 6Frame of Mind
60.3%
Season 6Realm of Fear
60.2%
Season 2Unnatural Selection
60.1%
Season 5Violations
60.1%
Season 5The Perfect Mate
60.1%
Season 7Phantasms
59.7%
Season 5Hero Worship
59.3%
Season 7Liaisons
59.2%
Season 3Allegiance
58.8%
Season 7Attached
58.2%
Season 6Second Chances
58.2%
Season 7Interface
57.9%
Season 7Thine Own Self
57.8%
Season 5Cost of Living
57.7%
Season 5The Outcast
57.4%
Season 7Firstborn
56.7%
Season 7Eye of the Beholder
56.2%
Season 5New Ground
56%
Season 6Rightful Heir
55.7%
Season 7Homeward
55.5%
Season 6The Quality of Life
55.5%
Season 6Suspicions
54.8%
Season 7Inheritance
54.5%
Season 4Identity Crisis
54.4%
Season 7Force of Nature
50.8%

From the Vault

Starcraft Units by Quote

by bubble

Gaming 4m
For Starcraft veterans, this should be a cakewalk.
Remove Ads.
Support Sporcle.
Get the best of Sporcle when you Go Orange. This ad-free experience offers more features, more stats, and more fun while also helping to support Sporcle. Thank you for becoming a member.

Show Comments

Extras

Top Quizzes Today


Score Distribution

Your Account Isn't Verified!

In order to create a playlist on Sporcle, you need to verify the email address you used during registration. Go to your Sporcle Settings to finish the process.

Report this User

Report this user for behavior that violates our Community Guidelines.

Details: